The income-doubling plan & the growing japanese economy

שמור ב:
מידע ביבליוגרפי
פורמט: ספר
שפה:Undetermined
יצא לאור: Tokyo Ministry of Foreign Affairs Japan 1961
נושאים:
תגים: הוספת תג
אין תגיות, היה/י הראשונ/ה לתייג את הרשומה!
Thư viện lưu trữ: Trung tâm Học liệu Trường Đại học Cần Thơ
LEADER 00438nam a2200157Ia 4500
001 CTU_79453
008 210402s9999 xx 000 0 und d
082 |a 330 
082 |b I.37 
245 4 |a The income-doubling plan & the growing japanese economy 
260 |a Tokyo 
260 |b Ministry of Foreign Affairs Japan 
260 |c 1961 
650 |a Economics 
650 |z Japan 
980 |a Trung tâm Học liệu Trường Đại học Cần Thơ